| 000 | 00610nam a2200169 i 4500 | ||
|---|---|---|---|
| 001 | 187364 | ||
| 003 | ES-MaACL | ||
| 005 | 20230906222910.0 | ||
| 008 | 170615s1927 sp a |||| | fre d | ||
| 080 | _a794.1 | ||
| 100 | 1 |
_aRinck, Henri. _9163063 |
|
| 245 | 1 | 0 |
_a700 fins de partie _b: (4ème édition de "150 fins de partie") / _cpar Henri Rinck ; [préface, J. Berger]. |
| 260 |
_aBarcelona : _bTipográfica La Académica, _c1927. |
||
| 300 |
_aXXXII, 539 p. : _bil. ; _c22 cm. |
||
| 650 | 0 | 4 |
_aAjedrez. _99707 |
| 852 |
_aES-MaACL _jL-31720 _z. - Donat. herederos de la bibl. de Mª del Pilar Costa Palacín |
||
| 999 |
_c187364 _d187364 |
||